00454nam a22001457a 450000500170000000800410001704000210005804100080007908200130008710000320010024500740013226000420020630000100024865000500025820230125131155.0230125b ||||| |||| 00| 0 eng d aIN-DiNCcIN-DiNC deng a327bSAH aSahu, Santosh Kumareauthor aIndia's Foreign policy in a globalizing world/cby Santosh Kumar Sahu aLudhiana:bKalyani publishers,c2022. a294p. aIndia's foreign relation with other countries